[Event "Campos Migjorn op"]
[Site "Campos"]
[Date "2016.09.24"]
[Round "6"]
[White "Crespi Lopez, Joan"]
[Black "Gaya Llodra, Juan"]
[Result "1/2-1/2"]
[WhiteElo "1974"]
[BlackElo "2254"]
[PlyCount "50"]
[EventDate "2016.09.09"]
[EventType "swiss"]
[EventRounds "8"]
[EventCountry "ESP"]
[SourceTitle "EXT 2017"]
[Source "ChessBase"]
[SourceDate "2016.10.25"]
[SourceVersion "1"]
[SourceVersionDate "2016.10.25"]
[SourceQuality "1"]

1. d4 Nf6 2. Bg5 g6 3. Bxf6 exf6 4. e3 Bg7 5. g3 0-0 6. Bg2 d5 7. Ne2 c6 8. 0-0 Nd7 9. Nd2 f5 10. c4 dxc4 11. Nxc4 Nb6 12. Rc1 Nxc4 13. Rxc4 Qb6 14. b3 Be6 15. Rc2 Rfd8 16. Qc1 a5 17. Nc3 Bf8 18. Rd1 Rd7 19. d5 cxd5 20. Nxd5 Bxd5 21. Bxd5 Rad8 22. Rcd2 Rc7 23. Rc2 Rcd7 24. Rcd2 Rc7 25. Rc2 Rcd7 1/2-1/2

[Event "Campos Migjorn op"]
[Site "Campos"]
[Date "2016.09.23"]
[Round "5"]
[White "Terradas Calafell, Jaume"]
[Black "Crespi Lopez, Joan"]
[Result "0-1"]
[WhiteElo "1788"]
[BlackElo "1974"]
[PlyCount "76"]
[EventDate "2016.09.09"]
[EventType "swiss"]
[EventRounds "8"]
[EventCountry "ESP"]
[SourceTitle "EXT 2017"]
[Source "ChessBase"]
[SourceDate "2016.10.25"]
[SourceVersion "1"]
[SourceVersionDate "2016.10.25"]
[SourceQuality "1"]

1. e4 e5 2. Nf3 Nc6 3. Bb5 a6 4. Ba4 Nf6 5. Qe2 b5 6. Bb3 Be7 7. c3 0-0 8. 0-0 d5 9. d3 Bb7 10. Rd1 Re8 11. Nbd2 Bf8 12. Nf1 Na5 13. Bc2 c5 14. Ng3 g6 15. h3 Qc7 16. Nh2 c4 17. Ng4 Nxg4 18. Qxg4 Bg7 19. Qh4 d4 20. Bh6 Qc6 21. Bxg7 Kxg7 22. Qg4 Kh8 23. f3 cxd3 24. Rxd3 Nc4 25. cxd4 Nxb2 26. Rd2 Nc4 27. Re2 exd4 28. Nf1 Ne5 29. Qf4 d3 30. Bxd3 Nxd3 31. Qxf7 Rf8 32. Qe7 Rae8 33. Qa3 Qc5+ 34. Qxc5 Nxc5 35. Rd2 Rd8 36. Rc2 Ne6 37. Ne3 h5 38. Kf2 Bxe4 0-1

[Event "Mallorca-chT Preferente"]
[Site "Mallorca"]
[Date "2016.03.15"]
[Round "7.3"]
[White "Tegtmeyer, Tim Niko"]
[Black "Crespi Lopez, Joan"]
[Result "0-1"]
[WhiteElo "1875"]
[BlackElo "1952"]
[PlyCount "72"]
[EventDate "2016.03.01"]
[EventType "team-tourn"]
[EventRounds "9"]
[EventCountry "ESP"]
[SourceTitle "EXT 2024"]
[Source "ChessBase"]
[SourceDate "2023.10.10"]
[SourceVersion "1"]
[SourceVersionDate "2023.10.10"]
[SourceQuality "1"]
[WhiteTeam "Blau Escacs Calvia"]
[BlackTeam "Algaida"]
[WhiteTeamCountry "ESP"]
[BlackTeamCountry "ESP"]

1. e4 c5 2. Nf3 d6 3. d4 cxd4 4. Nxd4 Nf6 5. Nc3 a6 6. Be2 e5 7. Nb3 Be7 8. Be3 Be6 9. f3 Nbd7 10. 0-0 0-0 11. Bd3 b5 12. a3 Nb6 13. Kh1 Nc4 14. Bc1 Qc8 15. Qe1 Qc7 16. Nd2 Nd7 17. b4 Ndb6 18. Nxc4 Nxc4 19. a4 bxa4 20. Rxa4 Rfc8 21. Nd5 Bxd5 22. exd5 Nb6 23. Qe4 g6 24. Rxa6 f5 25. Qe2 Rab8 26. Ra2 Nxd5 27. Ba6 Nc3 28. Qd3 Nxa2 29. Qb3+ Kg7 30. Qxa2 Qxc2 31. Qxc2 Rxc2 32. b5 d5 33. Rd1 d4 34. Kg1 Bc5 35. Kf1 e4 36. Bf4 Re8 0-1

[Event "Mallorca-chT Preferente"]
[Site "Mallorca"]
[Date "2016.03.06"]
[Round "3.4"]
[White "Crespi Lopez, Joan"]
[Black "Mascaro Pastor, Miguel"]
[Result "1-0"]
[WhiteElo "1952"]
[BlackElo "1846"]
[PlyCount "63"]
[EventDate "2016.03.01"]
[EventType "team-tourn"]
[EventRounds "9"]
[EventCountry "ESP"]
[SourceTitle "EXT 2024"]
[Source "ChessBase"]
[SourceDate "2023.10.10"]
[SourceVersion "1"]
[SourceVersionDate "2023.10.10"]
[SourceQuality "1"]
[WhiteTeam "Algaida"]
[BlackTeam "Maria Salut"]
[WhiteTeamCountry "ESP"]
[BlackTeamCountry "ESP"]

1. d4 Nf6 2. c4 g6 3. Nc3 Bg7 4. e4 d6 5. Nf3 0-0 6. Be2 Nbd7 7. 0-0 c6 8. Qc2 e5 9. d5 Nb6 10. Rd1 Qc7 11. c5 Nbd7 12. dxc6 Nxc5 13. b4 Na6 14. Bxa6 bxa6 15. b5 Be6 16. a4 Rfd8 17. Bg5 h6 18. Bxf6 Bxf6 19. Nd5 Bxd5 20. Rxd5 axb5 21. axb5 Bg7 22. Nd2 f5 23. Ra6 fxe4 24. Nxe4 Rac8 25. Qa2 Kh8 26. Rxa7 Qb6 27. g3 Rc7 28. Ra6 Qb8 29. Rxd6 Rcc8 30. Rxd8+ Rxd8 31. b6 Rd4 32. Ra8 1-0

[Event "Palmanova Blau Escacs op 1st"]
[Site "Palmanova"]
[Date "2015.04.13"]
[Round "3"]
[White "Crespi Lopez, Joan"]
[Black "Tate, Emory"]
[Result "1/2-1/2"]
[WhiteElo "1954"]
[BlackElo "2256"]
[PlyCount "104"]
[EventDate "2015.04.11"]
[EventType "swiss"]
[EventRounds "9"]
[EventCountry "ESP"]
[SourceTitle "CBM 166 Extra"]
[Source "ChessBase"]
[SourceDate "2015.06.18"]
[SourceVersion "1"]
[SourceVersionDate "2015.06.18"]
[SourceQuality "1"]

1. d4 e6 2. c4 b6 3. Nc3 Bb4 4. Qc2 f5 5. a3 Bxc3+ 6. Qxc3 Nf6 7. f3 0-0 8. Bg5 c5 9. e3 Nc6 10. d5 exd5 11. Bxf6 Qxf6 12. cxd5 Ne5 13. h4 Bb7 14. Rd1 Rae8 15. Ne2 Qf7 16. Nf4 Ng6 17. Nxg6 Qxg6 18. Kf2 d6 19. h5 Qh6 20. Bb5 Re7 21. f4 a6 22. Be2 b5 23. g4 fxg4 24. Bxg4 Rfe8 25. Rh3 Bc8 26. Rg1 Bxg4 27. Rxg4 Rf8 28. Rhg3 Qf6 29. Qxf6 Rxf6 30. e4 Rxe4 31. Rxg7+ Kf8 32. Rxh7 Rfxf4+ 33. Kg2 Rg4 34. Kf3 Rxg3+ 35. Kxe4 Rg5 36. h6 Re5+ 37. Kf4 Rxd5 38. Ra7 Kg8 39. Rxa6 Rd2 40. Kg5 Rg2+ 41. Kf5 d5 42. b3 c4 43. bxc4 bxc4 44. Ke5 c3 45. Kxd5 c2 46. Rc6 Rg5+ 47. Kd4 Ra5 48. Rxc2 Rxa3 49. Rh2 Kh7 50. Ke5 Ra6 51. Kf5 Rxh6 52. Rxh6+ Kxh6 1/2-1/2

[Event "Mallorca Summer 1st"]
[Site "Palma de Mallorca"]
[Date "2012.07.23"]
[Round "7"]
[White "Crespi Lopez, Joan"]
[Black "Sanchez Garcia, Alberto"]
[Result "1-0"]
[WhiteElo "1963"]
[BlackElo "1547"]
[PlyCount "67"]
[EventDate "2012.07.09"]
[EventType "swiss"]
[EventRounds "8"]
[EventCountry "ESP"]
[SourceTitle "EXT 2014"]
[Source "ChessBase"]
[SourceDate "2013.11.20"]
[SourceVersion "1"]
[SourceVersionDate "2013.11.20"]
[SourceQuality "1"]

1. d4 Nf6 2. Bg5 e6 3. e4 h6 4. Bxf6 Qxf6 5. Nc3 Bb4 6. Qd3 0-0 7. a3 Ba5 8. b4 Bb6 9. e5 Qe7 10. Nf3 d5 11. Na4 Bd7 12. Nxb6 axb6 13. Qe3 Nc6 14. c3 f6 15. Bd3 fxe5 16. Nxe5 Nxe5 17. Qxe5 Qf6 18. 0-0 Qxe5 19. dxe5 c5 20. Rfd1 cxb4 21. axb4 Rfc8 22. Rxa8 Rxa8 23. f4 b5 24. Be2 Ra2 25. Kf2 Rc2 26. Rd3 Kf7 27. h4 g6 28. Ke3 Bc6 29. Bf3 Rc1 30. Kd4 g5 31. Bh5+ Kg7 32. hxg5 hxg5 33. Rg3 Rd1+ 34. Bxd1 1-0

[Event "Mallorca Summer 1st"]
[Site "Palma de Mallorca"]
[Date "2012.07.16"]
[Round "4"]
[White "Castell Cantero, Jose Juan"]
[Black "Crespi Lopez, Joan"]
[Result "0-1"]
[WhiteElo "1524"]
[BlackElo "1963"]
[PlyCount "82"]
[EventDate "2012.07.09"]
[EventType "swiss"]
[EventRounds "8"]
[EventCountry "ESP"]
[SourceTitle "EXT 2014"]
[Source "ChessBase"]
[SourceDate "2013.11.20"]
[SourceVersion "1"]
[SourceVersionDate "2013.11.20"]
[SourceQuality "1"]

1. d4 Nf6 2. c4 g6 3. Nc3 Bg7 4. e4 d6 5. Nf3 0-0 6. Bd3 e5 7. d5 a5 8. Be3 Ng4 9. Bd2 f5 10. Qe2 Na6 11. h3 Nf6 12. 0-0-0 Nc5 13. Bc2 Nfxe4 14. Nxe4 Nxe4 15. Bxe4 fxe4 16. Qxe4 Bf5 17. Qe3 e4 18. g4 exf3 19. gxf5 Rxf5 20. Rdg1 Qd7 21. Rg5 Bh6 22. Rxg6+ hxg6 23. Qxh6 Qg7 24. Qe3 Qf7 25. Rg1 Rh5 26. Qd3 Kh7 27. Bc3 Rf8 28. Rg3 b6 29. a4 Qf5 30. Qd4 Qf4+ 31. Qxf4 Rxf4 32. Kd2 Rxc4 33. Rxf3 Rf5 34. Re3 Rxd5+ 35. Ke2 g5 36. Re7+ Kg6 37. Rg7+ Kf5 38. Rf7+ Ke6 39. Rf6+ Kd7 40. Kf1 Rxa4 41. Rf7+ Kc6 0-1

[Event "Mallorca Summer 1st"]
[Site "Palma de Mallorca"]
[Date "2012.07.09"]
[Round "1"]
[White "Crespi Lopez, Joan"]
[Black "Carranza Pons, Ricardo Nelson"]
[Result "1-0"]
[WhiteElo "1963"]
[BlackElo "1743"]
[PlyCount "65"]
[EventDate "2012.07.09"]
[EventType "swiss"]
[EventRounds "8"]
[EventCountry "ESP"]
[SourceTitle "EXT 2014"]
[Source "ChessBase"]
[SourceDate "2013.11.20"]
[SourceVersion "1"]
[SourceVersionDate "2013.11.20"]
[SourceQuality "1"]

1. d4 Nf6 2. Bg5 Ne4 3. Bf4 g5 4. Bc1 e6 5. f3 Nd6 6. e4 f5 7. Nc3 Bg7 8. h4 gxh4 9. e5 Nf7 10. f4 h5 11. Be2 d5 12. Bxh5 c5 13. Bd2 Bd7 14. Nh3 Kf8 15. Bxf7 Kxf7 16. Ng5+ Ke7 17. Qf3 Bc6 18. Ne2 Qb6 19. Bc3 Nd7 20. dxc5 Qxc5 21. Nd4 Nf8 22. Qf2 Qb6 23. 0-0-0 Bd7 24. Rxh4 Ng6 25. Rh3 Rxh3 26. gxh3 Rh8 27. Qg3 Bh6 28. Ngxe6 Bxe6 29. Qxg6 Bxf4+ 30. Kb1 Bxe5 31. Re1 Rxh3 32. Rxe5 Rxc3 33. Rxe6+ 1-0